000
00328nam a2200133 a 4500
005
20140414093828.0
008
030502s19uu xx 00 eng d
050
_a
VHS 500
_b
R 02
245
_a
Video 10 Human beings, Video 17 Astronomy.
650
_a
Astronomy.
650
_a
Human beings.
942
_c
AVM
999
_c
108534
_d
108534